| 000 | 00593nam a22001697a 4500 | ||
|---|---|---|---|
| 005 | 20141119134603.0 | ||
| 008 | 141119b xxu||||| |||| 00| 0 eng d | ||
| 020 | _a9716856431 | ||
| 050 |
_aPL 6051 _b.Al348 2005 |
||
| 100 | _aAlcazar, Cid V. | ||
| 245 |
_aFilipino 1 : _bkomunikasyon sa akademikong filipino / _cCid V. Alcaraz, Magdalena O. Jocson, and Patrocinio V. Villafuerte. |
||
| 260 |
_aQuezon City, Philippines : _bLorimar Publishing Inc., _cc2005. |
||
| 300 |
_a137 pages : _billustrations ; _c24 cm. |
||
| 521 | _aEducation | ||
| 650 | _aFilipino Language. | ||
| 942 |
_2lcc _cBK _kLOC |
||
| 999 |
_c276818 _d276818 |
||